Harvard presidents - Statistics

General Stats
  • This quiz has been taken 44 times
    25 since last reset
  • The average score is 21 of 32
Answer Stats
Served President % Correct
1640-1654 Henry Dunster
85%
1692-1701 Increase Mather
85%
2024- Alan Garber
77%
1654-1672 Charles Chauncy
77%
2023-2024 Claudine Gay
77%
1708-1724 John Leverett
77%
2001-2006 Lawrence H. Summers
77%
1672-1675 Leonard Hoar
77%
1680-1681 Urian Oakes
77%
1909-1933 A. Lawrence Lowell
69%
1869-1909 Charles William Eliot
69%
1860-1862 Cornelius Conway Felton
69%
1846-1949 Edward Everett
69%
1737-1769 Edward Holyoke
69%
1849-1853 Jared Sparks
69%
1810-1828 John Thornton Kirkland
69%
1829-1845 Josiah Quincy
69%
2018-2023 Lawrence S. Bacow
69%
1770-1773 Samuel Locke
69%
1862-1868 Thomas Hill
69%
1725-1737 Benjamin Wadsworth
62%
2006-2007 Derek Bok
62%
1971-1991 Derek Bok
62%
2007-2018 Drew Gilpin Faust
62%
1933-1953 James Bryant Conant
62%
1682-1684 John Rogers
62%
1953-1971 Nathan Pusey
62%
1991-2001 Neil L. Rudenstine
62%
1781-1804 Joseph Willard
54%
1774-1780 Samuel Langdon
54%
1853-1860 James Walker
46%
1806-1810 Samuel Webber
31%
No matching quizzes found
Score Distribution
Percent of People with Each Score
Percentile by Number Answered
Your Score History
You have not taken this quiz since the last reset